Muqaddas Pauloos Rasool Ka Khat Roma Ki Kalisiya Ke Naam. (Record no. 6703)

MARC details
000 -LEADER
fixed length control field 00608nam a2200229 a 4500
020 ## - INTERNATIONAL STANDARD BOOK NUMBER
ISBN
082 00 - DEWEY DECIMAL CLASSIFICATION NUMBER
Classification number 227.1
Author Cutter BIB
245 ## - TITLE STATEMENT
Title Muqaddas Pauloos Rasool Ka Khat Roma Ki Kalisiya Ke Naam.
260 ## - PUBLICATION, DISTRIBUTION, ETC. (IMPRINT)
Place of publication Lahore
Name of publisher Bible Society of India
Year of publication 1974
300 ## - PHYSICAL DESCRIPTION
Number of Pages 68p
500 ## - GENERAL NOTE
General note includes index and biblioraphy
505 2# - FORMATTED CONTENTS NOTE
Formatted contents note Bibliograpphy, Index
650 ## - SUBJECT ADDED ENTRY--TOPICAL TERM
Topical Term Bible N.T. Epistles Romans
942 ## - ADDED ENTRY ELEMENTS (KOHA)
Koha item type Books
Holdings
Collection code Home library Current library Date acquired Cost, normal purchase price Full call number Accession Number Koha item type
  Henry Martyn Institute Library Henry Martyn Institute Library 06/25/2008 100.00 227.1 BIB 010523 Books
                   Copyright © 2026 | Henry Martyn Institute | Hyderabad | TS-500052 | INDIA | Implemented by hmi.edu.in
Hit-Count:

Powered by Koha